<?xml version="1.0" encoding="UTF-8"?>
<record
    xmlns:xsi="http://www.w3.org/2001/XMLSchema-instance"
    xsi:schemaLocation="http://www.loc.gov/MARC21/slim http://www.loc.gov/standards/marcxml/schema/MARC21slim.xsd"
    xmlns="http://www.loc.gov/MARC21/slim">

  <leader>00528nam a22001697a 4500</leader>
  <controlfield tag="005">20251119151826.0</controlfield>
  <datafield tag="020" ind1=" " ind2=" ">
    <subfield code="a">9789552312038</subfield>
  </datafield>
  <datafield tag="082" ind1=" " ind2=" ">
    <subfield code="a">543.13 PER</subfield>
  </datafield>
  <datafield tag="100" ind1=" " ind2=" ">
    <subfield code="a">Perera, K.Sarath D.</subfield>
    <subfield code="9">58</subfield>
  </datafield>
  <datafield tag="245" ind1=" " ind2=" ">
    <subfield code="a"> Transition Metal Catalysis  III :Organometallic Chemistry </subfield>
  </datafield>
  <datafield tag="260" ind1=" " ind2=" ">
    <subfield code="a">Nawala:</subfield>
    <subfield code="b">OUSL,</subfield>
    <subfield code="c">2010.</subfield>
  </datafield>
  <datafield tag="300" ind1=" " ind2=" ">
    <subfield code="a">78p.</subfield>
  </datafield>
  <datafield tag="490" ind1=" " ind2=" ">
    <subfield code="a">Organometallic Chemistry -Unit 111 CMU3122</subfield>
  </datafield>
  <datafield tag="505" ind1=" " ind2=" ">
    <subfield code="a">Bachular of science : Level 5</subfield>
  </datafield>
  <datafield tag="650" ind1=" " ind2=" ">
    <subfield code="a">Chemistry,orgonometallic</subfield>
    <subfield code="a"> Transition Metal Catalysis</subfield>
    <subfield code="a">OUSL</subfield>
    <subfield code="a">CMU3122</subfield>
    <subfield code="9">715</subfield>
  </datafield>
  <datafield tag="942" ind1=" " ind2=" ">
    <subfield code="c">BK</subfield>
  </datafield>
  <datafield tag="999" ind1=" " ind2=" ">
    <subfield code="c">3154</subfield>
    <subfield code="d">3154</subfield>
  </datafield>
  <datafield tag="952" ind1=" " ind2=" ">
    <subfield code="0">0</subfield>
    <subfield code="1">0</subfield>
    <subfield code="7">0</subfield>
    <subfield code="8">NFIC</subfield>
    <subfield code="a">IC</subfield>
    <subfield code="b">IC</subfield>
    <subfield code="c">GEN</subfield>
    <subfield code="d">2016-02-10</subfield>
    <subfield code="l">12</subfield>
    <subfield code="m">3</subfield>
    <subfield code="o">543.13 PER</subfield>
    <subfield code="p">007053</subfield>
    <subfield code="r">2025-11-21 10:48:27</subfield>
    <subfield code="s">2025-11-04</subfield>
    <subfield code="w">2016-02-10</subfield>
    <subfield code="y">BK</subfield>
  </datafield>
</record>
